000 00487pab a2200169 454500
008 180718b2008 xxu||||| |||| 00| 0 eng d
100 _aRajesh Kumar
245 _aPolitical empowerment of weaker sections: a study of Municipal bodies in Haryana
260 _c2008
300 _ap.949-64.
362 _aOct-Dec
650 _aLocal government - india - Haryana
650 _aPolitical participation
773 _aIndian Journal of Political Science
908 _aN
909 _a81172
999 _c81172
_d81172